00761nam a2200181 a 4500008004100000020001800041050001500059110005500074245009500129260003400224300001500258350000900273650001700282650004200299995010000341999001700441952012100458080825s2007 ||||||||||||||||| || u a9789211541816 aUNAIDS(02) aUnited Nations Economic and Social Affairs (UNESA)10aHandbook on HIV and human rights for national human rights institutionscby United Nations aGeneva:bUNITED NATIONSc2007 a46p.: ill. a0.00 0aHUMAN RIGHTS aAIDS (DISEASE)--HANDBOOKS MANUALS ETC D0.00FCBU-MAIN LIBRARY (Kitwe)H1I0.00M1UAVAILABLEWAug 25, 2008ZInternational Publications c45346d45346 00102lcc4070a001b001cInternational Publicationsd2022-11-30l0oUNAIDS(02)p56286r2022-11-30w2022-11-30y002